Statistiques concernant Noms latins des villes françaises

Cliquez ici pour prendre le quiz!

Statistiques générales

  • Ce quiz a été pris 85 fois
  • Le résultat moyen est 4 sur 18

Statistiques - réponses

FrançaisLatin% Correct
LyonLugdunum
85%
MarseilleMassilia
72%
ToulouseTolosa
67%
BordeauxBurdigala
45%
ParisLutetia
32%
AvignonAvenio
12%
RouenRotomagus
12%
BesançonVesontio
12%
StrasbourgArgentoratum
10%
NiceNicaea
8%
BrestBrestum
7%
GrenobleCularo
7%
OrléansAurelianum
5%
DijonDivio
5%
RennesCondate Redonum
3%
MetzDivodorum
3%
NancyNantios
3%
ToursCaesarodonum
2%

Distribution des résultats

Percentile par nombre de réponses

% des personnes avec chaque résultat

Votre développement - résultats

Vous n’avez pas pris ce quiz